El Patrimoni cinematogràfic a Catalunya : arxius, biblioteques, filmoteques, fonoteques, fototeques, museus, localització, recuperació, restauració, conservació, classificació, documentació / Joaquim Romaguera i Ramió (ed) arxius, biblioteques, filmoteques, fonoteques, fototeques, museus, localització, recuperació, restauració, conservació, classificació, documentació / Joaquim Romaguera i Ramió (ed)
MARC
| LEADER | 00000nam a2200000Ia 4500 | ||
|---|---|---|---|
| 001 | 11468 | ||
| 003 | BGR | ||
| 005 | 20260324175646.0 | ||
| 008 | 160829s1995 xx 000 0 cat d | ||
| 080 | |a B-1-285 | ||
| 111 | |a Jornades sobre el Patrimoni Cinematogràfic a Catalunya |9 70959 |c (Barcelona : |d 1995) | ||
| 245 | |a El Patrimoni cinematogràfic a Catalunya : |b arxius, biblioteques, filmoteques, fonoteques, fototeques, museus, localització, recuperació, restauració, conservació, classificació, documentació / Joaquim Romaguera i Ramió (ed) | ||
| 260 | |a Barcelona : |b Fundació Institut del Cinema Català, |c 1995 | ||
| 590 | |a Actes de les Jornades sobre Patrimoni Cinematogràfic a Catalunya, celebrades a Barcelona els dies 14 i 15 de juny de 1995. | ||
| 590 | |a Amb la col·laboració de la Diputació de Barcelona, Institut Municipal d' Història, Associació d' Arxivers de Catalunya, etc. | ||
| 650 | |a Cinematografia |x Catalunya |x Congressos |9 36938 | ||
| 700 | |a Romaguera i Ramió, Joaquim, ed. |9 36940 | ||
| 710 | 2 | |a Associació d'Arxivers de Catalunya |9 52966 | |
| 710 | 2 | |a Fundació Institut del Cinema Català |9 70970 | |
| 710 | 1 | |a Institut Municipal d'Història (Barcelona) |9 70960 | |
| 901 | |a Arxiu | ||
| 942 | |n 1 |2 udc |c MON | ||
| 952 | |0 0 |1 0 |4 0 |6 B1285 |7 1 |9 47578 |a Arxiu |b Arxiu |d 2016-12-01 |l 0 |o B-1-285 |p 11468 |r 2016-12-01 00:00:00 |w 2016-12-01 |y ARXIU | ||
| 999 | |c 51377 |d 51377 | ||